| Tag |
First Indicator |
Second Indicator |
Subfields |
| LEADER |
00000cam a2200000 a 4500 |
| 001 |
in00002000850 |
| 005 |
20151031124815.0 |
| 008 |
040402s2004 gw a b 000 0 eng c |
| 016 |
7 |
|
|a 969306881
|2 GyFmDB
|
| 020 |
|
|
|a 354020668X (hd. bd.)
|
| 035 |
|
|
|a (OCoLC)ocm54880537
|
| 040 |
|
|
|a OHX
|c OHX
|d CUY
|d OCLCQ
|d UtOrBLW
|
| 042 |
|
|
|a pcc
|
| 049 |
|
|
|a TXAM
|
| 050 |
|
4 |
|a HG6024.A3
|b Z542 2004
|
| 072 |
|
7 |
|a HG
|2 lcco
|
| 100 |
1 |
|
|a Ziegler, Alexandre,
|d 1975-
|
| 245 |
1 |
2 |
|a A game theory analysis of options :
|b corporate finance and financial intermediation in continous time /
|c Alexandre Ziegler.
|
| 250 |
|
|
|a 2nd ed.
|
| 264 |
|
1 |
|a Berlin ;
|a New York :
|b Springer,
|c 2004.
|
| 300 |
|
|
|a xvi, 174 pages :
|b illustrations ;
|c 24 cm.
|
| 336 |
|
|
|a text
|b txt
|2 rdacontent
|
| 337 |
|
|
|a unmediated
|b n
|2 rdamedia
|
| 338 |
|
|
|a volume
|b nc
|2 rdacarrier
|
| 490 |
1 |
|
|a Springer finance
|
| 500 |
|
|
|a First edition published as volume 468 in the series: Lecture notes in economics and mathematical systems.
|
| 504 |
|
|
|a Includes bibliographical references (pages [161]-165).
|
| 650 |
|
0 |
|a Options (Finance)
|x Prices
|x Mathematical models.
|
| 650 |
|
0 |
|a Game theory.
|
| 830 |
|
0 |
|a Springer finance.
|
| 938 |
|
|
|a Otto Harrassowitz
|b HARR
|n har030140918
|c 69.50 EUR
|
| 994 |
|
|
|a C0
|b TXA
|
| 948 |
|
|
|a cataloged
|b h
|c 2005/3/24
|d c
|e bwalker
|f 9:51:58 am
|
| 999 |
|
|
|a MARS
|
| 999 |
f |
f |
|s 6d5f2977-20db-3b24-9255-85bae7d461a0
|i 1260f9b5-bbf8-32c7-b36e-4bfedc6ad208
|t 0
|
| 952 |
f |
f |
|p ric
|a Texas A&M University
|b Rellis Campus
|c Joint Library Facility
|d Remote Storage
|t 0
|e HG6024.A3 Z542 2004
|h Library of Congress classification
|i unmediated -- volume
|m A14832288225
|
| 998 |
f |
f |
|a HG6024.A3 Z542 2004
|t 0
|l Remote Storage
|